000 00616nam a22001937a 4500
999 _c21311
_d21311
003 AR-CdUCM
008 190411b ||||| |||| 00| 0 spa d
040 _aMUNICIPALIDAD PROVINCIAL DEL CUSCO
_cBIBLIOTECA MUNICIPAL DEL CUSCO
082 _aEP/869/T13C
_bT13C
100 _aTaipe Haqquehua, Eugenio
_944449
245 _aCultura evolutiva :
_bcuentos mitos y leyendas andinos /
260 _aCusco ;
_bEl Garabato,
_c2018.
300 _a121 Páginas. :
_c20 cm.
650 _aLiteratura infantil
_9588
650 _aLeyendas
_92226
650 _aLiteratura cusqueña
_944463
942 _2ddc
_cLIBROS
945 _aRoel